|
|
|
|
| LEADER |
00000nam a2200000 a 4500 |
| 001 |
vtls001355170 |
| 003 |
SK-MaSNL |
| 005 |
20260427082047.0 |
| 008 |
251113s1998 xo ap r yy slo |
| 015 |
|
|
|a SNBA1999/04-01467
|
| 020 |
|
|
|a 8022711462
|c 15,00 Sk
|
| 035 |
|
|
|a SNK000308627
|
| 035 |
|
|
|a urn:nbn:sk:snk-amtk0b
|
| 035 |
|
|
|a urn:nbn:sk:snk-am00c6cq
|
| 035 |
|
|
|a E9AA4084-559E-4E97-B574-79D81A5B1624
|
| 040 |
|
|
|a SNK
|b slo
|c SNK
|e AACR2
|
| 041 |
0 |
|
|a slo
|
| 044 |
|
|
|a xo
|c SK
|
| 080 |
|
|
|a 69:65.012.4(075.8)(076.5)
|2 1981
|
| 100 |
1 |
|
|a Petráková, Zora,
|d 1958-
|4 aut
|9 199972
|
| 245 |
1 |
|
|a Projektmanažment. Návody na cvičenia
|c Zora Petráková, Gabriela Kalinová
|
| 260 |
|
|
|a Bratislava
|b Slovenská technická univerzita
|c 1998
|
| 300 |
|
|
|a 72 s.
|b sch.
|c 29 cm
|
| 490 |
1 |
|
|a Edícia skrípt
|
| 500 |
|
|
|a 100 výt.
|
| 504 |
|
|
|a Bibliogr. s. 71
|
| 650 |
0 |
7 |
|a stavebníctvo
|2 SNK
|9 726
|
| 650 |
0 |
7 |
|a projektmanažment
|2 SNK
|9 1637669
|
| 650 |
0 |
7 |
|a stavebné projekty
|9 70956
|
| 655 |
|
7 |
|a Textbooks (higher)
|2 SNKPHeng
|9 276436
|
| 655 |
|
7 |
|a učebnice vysokých škôl
|2 SNKPH
|9 70191
|
| 700 |
1 |
|
|a Kalinová, Gabriela
|4 aut
|9 15398
|
| 810 |
2 |
|
|a Slovenská technická univerzita v Bratislave.
|b Stavebná fakulta
|t Edícia skrípt
|9 189967
|
| 919 |
|
|
|a 80-227-1146-2
|
| 958 |
|
|
|a TL
|
| 958 |
|
|
|a UV
|
| 958 |
|
|
|a NB
|
| 999 |
|
|
|c 892639
|d 894569
|
| 952 |
|
|
|t P60, <03>, [BOOK], {603}
|a SNK
|b SNK
|y PREZ
|7 0
|p 17A0181709
|o snkSB 59847
|i snkKSP 1605/99
|0 0
|1 0
|4 0
|d 1999-02-16
|f 1
|l 0
|r 2025-04-09 00:00:00
|w 2026-02-24
|
| 952 |
|
|
|t P60, <04>, [BOOK], {604}
|a SNK
|b SNK
|y VYP
|7 0
|p 17A0181708
|o snkSB 59847 D1
|i snkKSP 1606/99
|0 0
|1 0
|4 0
|d 1999-02-16
|l 0
|r 2005-01-02 00:00:00
|w 2026-02-24
|